000 01384nam a22002177a 4500
999 _c62111
_d62111
003 Ge_BSU
005 20240712153603.0
008 240712s2020 ge ||||| |||| 00| 0 geo d
020 _a9789941821820
041 _ageo
080 _a340.6(075.8)კ-50
100 _aკილასონია, ბესარიონ.
_eავტორი.
_93239
245 _aსასამართლო მედიცინა :
_b[სახელმძღვანელო სამედიცინო და იურიდიული პროფილის უმაღლესი სკოლის სტუდენტებისა და სასამართლო სამედ. ექსპერტებისათვის, ექიმებისა და იურისტებისათვის] /
_cბესარიონ კილასონია ; რედ. რუსუდან ბერიაშვილი
250 _aმე-2 გამოცემა.
264 _aთბილისი,
_c2020.
300 _a366 გვ. :
_bსურ. ;
_c 23 სმ.
504 _aბიბლიოგრაფია: გვ. 365-366.
653 _aსასამართლო მედიცინა.
700 _aბერიაშვილი. რუსუდან
_eრედაქტორი
_922819
942 _2udc
_cᲬᲘᲒᲜᲘ